| 000 | 01664nam a2200493 i 4500 | ||
|---|---|---|---|
| 001 | 5712 | ||
| 003 | KOSZ 005 | ||
| 005 | 20190827094518.0 | ||
| 008 | 060206s1993 pl f |000 0 pol | ||
| 015 | _aPB 2006/7848 | ||
| 035 | _a991028170509705066 | ||
| 035 | _a(PL-WaBN)b17628520-48omnis_nlop | ||
| 035 | _ab17628520 | ||
| 035 | _a(OCoLC)838767862 | ||
| 035 | _a(PL)b0000001762852 | ||
| 035 | _a(EXLNZ-48OMNIS_NETWORK)9910026136105606 | ||
| 040 |
_aWA N _cWA N _dKOSZ 005/HR |
||
| 046 | _k1993 | ||
| 080 | _a347.726(438) | ||
| 080 | _a658.14/.17 | ||
| 245 | 0 | 0 |
_aKierowanie przedsiębiorstwem : _bwybrane zagadnienia prawne / _c[red. Antoni Rutka]. |
| 246 | 1 | 4 |
_iTytuł okładkowy: _aKierowanie przedsiębiorstwem w 1993 roku |
| 250 | _a(Stan prawny na dzień 15 lutego 1993 r.). | ||
| 260 |
_aWarszawa ; _aZielona Góra : _bZachodnie Centrum Organizacji, _c1993. |
||
| 300 |
_a104 s. ; _c20 cm. |
||
| 336 |
_2rdacontent _aTekst _btxt |
||
| 337 |
_2rdamedia _aBez urządzenia pośredniczącego _bn |
||
| 338 |
_2rdacarrier _aWolumin _bnc |
||
| 380 | _aKsiążki | ||
| 380 | _aPublikacje fachowe | ||
| 388 | _a1901-2000 | ||
| 388 | _a1989-2000 | ||
| 500 | _aNa s. red. podtyt.: praca zbiorowa. | ||
| 650 | 7 |
_aPrzedsiębiorstwo _2DBN |
|
| 650 | 7 | _aFinanse przedsiębiorstwa | |
| 650 | 7 | _aPrawo | |
| 651 | _aPolska | ||
| 658 | _aGospodarka, ekonomia, finanse | ||
| 658 | _aPrawo i wymiar sprawiedliwości | ||
| 700 | 1 |
_aRutka, Antoni _eRedakcja |
|
| 856 |
_uhttp://koha.tu.koszalin.pl/cgi-bin/koha/opac-detail.pl?biblionumber=5712 _yKatalog online BPK |
||
| 942 |
_2UKD _cKS |
||
| 999 |
_c5712 _d5712 |
||